| 000 | 00447nam a22001577a 4500 | ||
|---|---|---|---|
| 020 | _a9789380026916 | ||
| 082 |
_a631.4 _bCHI/Re |
||
| 100 | _aChidambaram, S | ||
| 245 | _aRecent trends in water research: Hydrochemical and hydrological perspectives | ||
| 260 |
_aNew Delhi _bI.K International Publishing House Pvt. Ltd. _c2010 |
||
| 300 | _a236 | ||
| 700 | _aRamanathan, AL | ||
| 700 | _aShivanna, K | ||
| 700 | _aJames, Arthur R | ||
| 942 | _cBK | ||
| 999 |
_c13677 _d13677 |
||